LEADER 03866oam 2200589I 450 001 9910779533803321 005 20230126203255.0 010 $a1-351-28262-X 010 $a1-351-28263-8 010 $a1-351-28264-6 010 $a1-909493-66-X 024 7 $a10.4324/9781351282642 035 $a(CKB)2550000001040344 035 $a(EBL)1741626 035 $a(SSID)ssj0001101045 035 $a(PQKBManifestationID)11604279 035 $a(PQKBTitleCode)TC0001101045 035 $a(PQKBWorkID)11062889 035 $a(PQKB)11689145 035 $a(MiAaPQ)EBC1741626 035 $a(Au-PeEL)EBL1741626 035 $a(CaPaEBR)ebr10650115 035 $a(OCoLC)828743288 035 $a(EXLCZ)992550000001040344 100 $a20180706d2017 uy 0 101 0 $aeng 135 $aur|n|---||||| 181 $ctxt 182 $cc 183 $acr 200 10$aCorporate social responsibility and globalisation $ean action plan for business /$fJacqueline Cramer 210 1$aLondon :$cRoutledge,$d2017. 215 $a1 online resource (162 p.) 300 $aDescription based upon print version of record. 311 $a1-874719-31-4 320 $aIncludes bibliographical references and index. 327 $aFront cover; About the author; Title page; Copyright page; Contents; List of boxes, tables and figures; Preface; 1. Corporate social responsibility: a global challenge for business; 2. Observing international rules of conduct; 3. Tension between observing international rules of conduct and local circumstances; 4. Corporate social responsibility in different political cultures; 5. Chain responsibility in an international context; 6. The contribution made by international companies to the local economy of developing countries; 7. The future of corporate social responsibility 327 $a8. Ten key practical experiencesAppendix 1. The 'Corporate Social Responsibility in an International Context' programme; Appendix 2. Main guidelines and standards for international corporate responsibility; Abbreviations; References; Index; Back cover 330 $a"Business in a globalised world is no longer only about profit. Companies that operate globally are increasingly being called to account over their social responsibilities to the workforce, local communities and the environment. Companies that take these responsibilities seriously are faced with a plethora of problems and dilemmas. For example, how can companies navigate the sea of tension between observing international rules of conduct and responding to specific local cultural circumstances? How can they ensure social responsibility in the product chain(s) in which they operate? And how can they best contribute to the local economy of developing countries? This book helps companies with good intentions but little experience to find answers to these questions and many others. The book offers concrete guidelines, step-by-step plans and practical examples based on the experiences of 20 diverse, large, medium and small companies that participated in the three-year Dutch programme "Corporate Social Responsibility in an International Context" organised by CSR Netherlands. Corporate Social Responsibility and Globalisation constitutes a guidebook and action plan to enable companies of all sizes to manage risk and seek out opportunities for engagement in their overseas operations."--Provided by publisher. 606 $aSocial responsibility of business 606 $aBusiness ethics 615 0$aSocial responsibility of business. 615 0$aBusiness ethics. 676 $a363.7 686 $a85.02$2bcl 700 $aCramer$b Jacqueline$0886554 801 0$bFlBoTFG 801 1$bFlBoTFG 906 $aBOOK 912 $a9910779533803321 996 $aCorporate social responsibility and globalisation$93670772 997 $aUNINA LEADER 02442nam 22006374a 450 001 9910972734303321 005 20250317122007.0 010 $a9786610866403 010 $a9781280866401 010 $a1280866403 010 $a9780851998749 010 $a0851998747 035 $a(CKB)111090529199350 035 $a(EBL)297519 035 $a(OCoLC)437182357 035 $a(SSID)ssj0000222326 035 $a(PQKBManifestationID)11910860 035 $a(PQKBTitleCode)TC0000222326 035 $a(PQKBWorkID)10174493 035 $a(PQKB)11132612 035 $a(MiAaPQ)EBC297519 035 $a(Au-PeEL)EBL297519 035 $a(CaPaEBR)ebr10070221 035 $a(CaONFJC)MIL86640 035 $a(EXLCZ)99111090529199350 100 $a20030321d2004 uy 0 101 0 $aeng 135 $aur|n|---||||| 181 $ctxt 182 $cc 183 $acr 200 10$aPlant evolution and the origin of crop species /$fJames F. Hancock 205 $a2nd ed. 210 $aWallingford, Oxon, UK ;$aNew York, NY $cCABI Pub.$dc2004 215 $a1 online resource (324 p.) 300 $aDescription based upon print version of record. 311 08$a9780851996851 311 08$a085199685X 320 $aIncludes bibliographical references (p. 251-305). 327 $aPreface; Introduction; 1 Chromosome Structure and Genetic Variability; 2 Assortment of Genetic Variability; 3 The Multifactorial Genome; 4 Polyploidy and Gene Duplication; 5 Speciation; 6 The Origins of Agriculture; 7 The Dynamics of Plant Domestication; 8 Cereal Grains; 9 Protein Plants; 10 Starchy Staples and Sugars; 11 Fruits, Vegetables, Oils and Fibres; 12 Postscript: Germ-plasm Resources; References; Index 330 $aThe key features of this fully revised edition include: a description of the evolution of native and cultivated populations of plants; a review of when and where major crops were domesticated; and a discussion of the subsequent development of crops. 606 $aCrops$xEvolution 606 $aCrops$xOrigin 606 $aPlants$xEvolution 615 0$aCrops$xEvolution. 615 0$aCrops$xOrigin. 615 0$aPlants$xEvolution. 676 $a633 700 $aHancock$b James F$0905901 801 0$bMiAaPQ 801 1$bMiAaPQ 801 2$bMiAaPQ 906 $aBOOK 912 $a9910972734303321 996 $aPlant evolution and the origin of crop species$92762350 997 $aUNINA